[Event "1st ICC Open Final"]
[Site "ICC INT"]
[Date "2011.06.05"]
[Round "1.4"]
[White "Hovhannisyan, R."]
[Black "Andreikin, D."]
[Result "1-0"]
[WhiteElo "2553"]
[BlackElo "2687"]
[Annotator "Müller,Karsten"]
[PlyCount "85"]
[EventDate "2011.06.05"]
[EventType "team (blitz)"]
[EventRounds "3"]
[Source "Chess Today"]
[SourceDate "2011.07.14"]

1. e4 c5 2. Nf3 e6 3. d4 cxd4 4. Nxd4 a6 5. Nc3 Qc7 6. Bd3 Nf6 7. O-O Nc6 8.
Nxc6 bxc6 9. f4 d5 10. Qf3 Be7 11. Be3 O-O 12. e5 Nd7 13. Na4 c5 14. c4 d4 15.
Bd2 Bb7 16. Qh3 g6 17. b3 Bc6 18. Nb2 a5 19. Bc2 a4 20. Nxa4 Bxa4 21. bxa4 Nb6
22. Qd3 Nxa4 23. Rfb1 Nc3 24. Bxc3 dxc3 25. Qxc3 Rfd8 26. a4 Rd4 27. g3 Bd8 28.
Rb5 Qd7 29. Rf1 Bc7 30. a5 Rd2 31. Rf2 Rxf2 32. Kxf2 Qd8 33. Qd3 Qxd3 34. Bxd3
Bxa5 35. Be4 Ra7 36. Kf3 Bb4 37. Bc6 Ra3+ 38. Kg4 Rc3 39. Rb7 $1 {The right
move, which hits Black's Achilles heel directly.} (39. Kg5 $2 Kg7 40. Rb7 h6+
41. Kg4 Kf8 $11) (39. Rb8+ $2 Kg7 40. Rb7 h5+ 41. Kg5 Ba5 42. Be8 $4 Bd8+ 43.
Re7 Bxe7#) 39... Kf8 (39... Rxc4 {does not help as after} 40. Be8 Kf8 41. Bxf7
Rc2 42. Bxe6 Rxh2 43. Bc4 Rc2 44. Bb5 {[%cal Ge5e7] White's e-pawn will decide
the day:} Rb2 45. e6 c4 46. Rf7+ Kg8 47. Bxc4 Rc2 48. Bb5 Rc8 49. Rb7 $18) 40.
Kg5 $1 Ba5 (40... Kg7 41. Be8 h6+ 42. Kg4 Rxc4 43. Bxf7 Rd4 44. Bxe6+ Kf8 45.
Bf7 Kg7 46. Be8+ $18) 41. Kh6 $1 ({Of course not} 41. Kf6 $4 Bd8+ 42. Re7 Bxe7#
) 41... Rxc4 $2 {allows a mate, but Black is lost in any case, e.g.} (41... Rd3
42. Rb5 Bc7 43. Rxc5 Rd8 44. Kxh7 $18) (41... Bd8 42. Rb8 Rd3 43. Kxh7 $18) 42.
Rb8+ Ke7 43. Re8# 1-0